000 01846nam a2200337Ia 4500
999 _c51317
_d51317
001 18286
003 GE_BSU
005 20211209120002.0
008 181216s2012||||ge |||||||||||||| ||geo||
020 _a9789941005695
040 _cGE_BSU
041 _ageo
080 _a330.322 ი-58
245 _aინვესტირების საფუძვლები = Fundamentals of investing :
_bსახელმძღვ. /
_cლორენს გიტმანი, მაიკლ ჯონკი, ჰაროლდ ბირმანი, სეიმორ შმიდტი ; შეავსო, თარგმნა და რედ. გაუკეთა ლამარა ქოქიაურმა.
250 _aმესამე გამოცემა
264 _aთბილისი,
_c2012.
300 _a764 გვ.:
_bცხრ., ილ. ;
_c27 სმ.
501 _aდანართი: გვ. 742-757.
653 _aინვესტირება
653 _aსაინვესტიციო ბაზრები
653 _aსაინვესტიციო გარიგებები
653 _aსაბაზრო კონიუქტურა
653 _aკონვერტირებული ფასიანი ქაღალდები
653 _aობლიგაციები
700 _aგიტმანი, ლორენს
_eავტორი
_913229
700 _aჯონკი, მაიკლ
_eავტორი
_913230
700 _aბირმანი, ჰაროლდ
_eავტორი
_913231
700 _aშმიდტი, სეიმორ
_eავტორი
_913232
700 _aქოქიაური, ლამარა
_eმთარგმ. რედაქტორი
_93369
942 _cBK
_2udc